000 00789pam a2200265 i 4500
001 015716848
003 EG-ScBUE
005 20251201102937.0
008 101130s2011 enk f 000 f eng d
020 _a9781847561848 (pbk.) :
020 _a1847561845 (pbk.) :
040 _aStDuBDS
_beng
_erda
_cStDuBDS
_dUk
_dEG-ScBUE
082 0 4 _a823.92
_222
_bPAL
100 1 _aPalmer, Adam,
_d1957-
_eauthor.
245 1 4 _aThe Moses legacy /
_cAdam Palmer.
264 1 _aLondon :
_bAvon,
_c2011.
300 _a407 pages ;
_c20 cm
336 _atext
_2rdacontent
_btxt
337 _aunmediated
_2rdamedia
_bn
338 _avolume
_2rdacarrier
_bnc
650 7 _aReligious articles
_vFiction.
_2BUEsh
650 7 _aWomen archaeologists
_vFiction.
_2BUEsh
655 _vReading book
942 _2ddc
_cBB
999 _c31039
_d31010